1247 1351 1106 1138 1293 1930 1038 1478 1901 1818 1860 1199 1488 1034 1331 1618 1168 1608 1939 1349 1473 1886 1636 1086 1638 1819 1626 1317 1792 1053 1122 1701 1640 1564 1054 1810 1191 1039 1059 1364 1029 1194 1201 1769 1865 1115 1493 1277 1124 1711 1755 1706 1216 1774 1871 1973 1321 1556 1678 1516 1147 1529 1447 1774 1647 1750 1005 1348 1200 1497 1260 1973 1635 1104 1853 1856 1251 1640 1190 1269 1899 1239 1474 1125 1709 1746 1090 1551 1246 1038 1274 1099 1278 1223 1153 1305 1511 1956 1130 BCNSPRNW ULIB Ver.6.0+V

เปลี่ยนเป็นภาษาไทย

Change to English
 แสดงรายละเอียดบรรณานุกรม
  กลับหน้าหลัก

Brief Record : Get Marc (ISO 2709) : E-mail record : QR code < ปิดหน้าต่าง
LEADER : 00000nam 2200000uu 4500
001    13399109545
003     ULIB
008    110404s2545||||th 000 0 tha d
020    9747784173
060 04 WA327^bท533 2545
245 00 ที่ปรึกษาครอบครัวสุขภาพดี
260    กรุงเทพฯ :^bรีดเดอร์ส ไดเจสท์,^c2545
300    456 หน้า :^bภาพประกอบสี ;^c22 ซม.
650  7 การแพทย์
650  7 สุขภาพ
650  7 ครอบครัว
945    ^p1790^l0^i017249
995    ทศพร
999 ^a ใช้งานได้ทุกระบบ
รายการนี้ยังไม่มีแท็ก
คุณยังไม่ได้ล็อกอิน คุณสามารถมีกิจกรรมร่วมกับเว็บไซต์ได้ แต่ต้องล็อกอินก่อน ::
  ล็อกอิน

รายการสื่อสารสนเทศ

ลำดับที่ ประเภท เลขเรียก/บาร์โค้ด สถานที่ สถานะ
- ไม่พบข้อมูล -

รายการใกล้เคียง
    หัวเรื่อง [การแพทย์]
    หัวเรื่อง [สุขภาพ]
    หัวเรื่อง [ครอบครัว]

BibComment


ยังไม่เคยถูกคอมเมนท์

คอมเมนท์ทรัพยากรรายการนี้
  คอมเมนท์: ที่ปรึกษาครอบครัว..


 Copyright 2026. Bcnsprnw @Library